Every Song by Keane - Statistics

General Stats
  • This quiz has been taken 98 times
    50 since last reset
  • The average score is 61 of 99
Answer Stats
Album Song % Correct
Hopes and Fears(2004) Somewhere Only We Know
100%
Perfect Symmetry(2008) Perfect Symmetry
96%
Hopes and Fears(2004) Bedshaped
89%
Hopes and Fears(2004) Everybody's Changing
89%
Hopes and Fears(2004) Bend and Break
86%
Hopes and Fears(2004) She Has No Time
86%
Hopes and Fears(2004) Can't Stop Now
82%
Under the Iron Sea(2006) Crystal Ball
82%
Under the Iron Sea(2006) Is It Any Wonder?
82%
Perfect Symmetry(2008) The Lovers are Losing
82%
Hopes and Fears(2004) Untitled 1
82%
Under the Iron Sea(2006) Atlantic
79%
Dirt(2021) Dirt
79%
Strangeland(2012) Disconnected
79%
Under the Iron Sea(2006) Hamburg Song
79%
Under the Iron Sea(2006) Nothing in My Way
79%
Strangeland(2012) Sovereign Light Café
79%
Perfect Symmetry(2008) Spiralling
79%
Hopes and Fears(2004) Sunshine
79%
Under the Iron Sea(2006) The Iron Sea
79%
Cause and Effect(2019) The Way I Feel
79%
Hopes and Fears(2004) This is the Last Time
79%
Perfect Symmetry(2008) Black Burning Heart
75%
Strangeland(2012) Silenced by the Night
75%
Night Train(2010) Stop for a Minute
75%
Strangeland(Bonus)(2012) Strangeland
75%
Hopes and Fears(2004) We Might as Well Be Strangers
75%
Hopes and Fears(2004) Your Eyes Open
75%
Under the Iron Sea(2006) A Bad Dream
71%
Cause and Effect(2019) Love Too Much
71%
Strangeland(2012) On the Road
71%
Strangeland(2012) You Are Young
71%
Perfect Symmetry(2008) Again and Again
68%
Under the Iron Sea(2006) Leaving So Soon
68%
Strangeland(2012) Neon River
68%
Hopes and Fears(2004) On a Day Like Today
68%
Hopes and Fears(Bonus)(2004) Snowed Under
68%
Under the Iron Sea(2006) The Frog Prince
68%
Strangeland(2012) Black Rain
64%
Under the Iron Sea(2006) Broken Toy
64%
Non-Album(2023) Love Actually
64%
Perfect Symmetry(2008) Love is the End
64%
Cause and Effect(2019) Phases
64%
Strangeland(2012) Sea Fog
64%
Strangeland(2012) The Starting Line
64%
The Best of Keane(2013) Higher Than the Sun
61%
Strangeland(Bonus)(2012) It's Not True
61%
Under the Iron Sea(2006) Put It Behind You
61%
Strangeland(Bonus)(2012) The Boys
61%
Perfect Symmetry(2008) You Don't See Me
61%
Cause and Effect(2019) You're Not Home
61%
Strangeland(2012) Day Will Come
57%
The Best of Keane(Bonus)(2013) Fly to Me
57%
Perfect Symmetry(Bonus)(2008) My Shadow
57%
Perfect Symmetry(2008) Playing Along
57%
Perfect Symmetry(2008) Pretend That You're Alone
57%
Cause and Effect(2019) Put the Radio On
57%
Under the Iron Sea(2006) Try Again
57%
Strangeland(2012) Watch How You Go
57%
Perfect Symmetry(2008) You Haven't Told Me Anything
57%
Night Train(2010) Your Love
57%
Perfect Symmetry(2008) Better Than This
54%
Cause and Effect(2019) Chase the Night Away
54%
The Best of Keane(Bonus)(2013) He Used to Be a Lovely Boy
54%
Strangeland(2012) In Your Own Time
54%
Night Train(2010) Ishin Denshin (You've Got to Help Yourself)
54%
Under the Iron Sea(Bonus)(2006) Let It Slide
54%
Strangeland(Bonus)(2012) Run with Me
54%
Cause and Effect(2019) Stupid Things
54%
Cause and Effect(2019) Thread
54%
The Best of Keane(Bonus)(2013) To the End of the Earth
54%
Night Train(2010) Back in Time
50%
Non-Album(2000) Call Me What You Like
50%
Night Train(2010) Clear Skies
50%
Cause and Effect(Bonus)(2019) Difficult Year
50%
Night Train(2010) House Lights
50%
Night Train(2010) Looking Back
50%
The Best of Keane(Bonus)(2013) Maybe I Can Change
50%
Strangeland(Bonus)(2012) Myth
50%
Cause and Effect(Bonus)(2019) New Golden Age
50%
The Best of Keane(Bonus)(2013) Russian Farmer's Song
50%
Cause and Effect(2019) Strange Room
50%
Non-Album(2016) Tear Up This Town
50%
Non-Album(2017) The Night Sky
50%
The Best of Keane(Bonus)(2013) Thin Air
50%
The Best of Keane(2013) Won't Be Broken
50%
Dirt(2021) Burning the Days
46%
Hopes and Fears(Bonus)(2004) Allemande
43%
Cause and Effect(2019) I Need Your Love
43%
Dirt(2021) November Day
43%
The Best of Keane(Bonus)(2013) Something in Me Was Dying
43%
The Best of Keane(Bonus)(2013) Difficult Child
39%
Cause and Effect(2019) I'm Not Leaving
39%
The Best of Keane(Bonus)(2013) The Way You Want It
39%
Perfect Symmetry(Bonus)(2008) Time to Go
39%
The Best of Keane(Bonus)(2013) Staring at the Ceiling
36%
The Best of Keane(Bonus)(2013) Walnut Tree
36%
Non-Album(2001) Wolf at the Door
32%
Dirt(2021) Nothing to Something
29%
No matching quizzes found
Score Distribution
Percent of People with Each Score
Percentile by Number Answered
Your Score History
You have not taken this quiz since the last reset